Integrierte Unternehmenskommunikation Ansatzpunkte für eine strategische und operative Umsetzung integrierter Kommunikationsarbeit
Guardado en:
| Autor principal: | |
|---|---|
| Formato: | Libro |
| Lenguaje: | alemán |
| Publicado: |
Stuttgart
Poeschel
1992
|
| Edición: | 1. Aufl. |
| Materias: | |
| Etiquetas: |
Sin Etiquetas, Sea el primero en etiquetar este registro!
|
MARC
| LEADER | 00000nam a2200000 4500 | ||
|---|---|---|---|
| 001 | c003530 | ||
| 005 | 20221221080657.8 | ||
| 020 | |a 3-7910-0612-6 | ||
| 041 | 0 | |a ger | |
| 044 | |a DE | ||
| 245 | 1 | 0 | |a Integrierte Unternehmenskommunikation |b Ansatzpunkte für eine strategische und operative Umsetzung integrierter Kommunikationsarbeit |c Manfred Bruhn |
| 250 | |a 1. Aufl. | ||
| 264 | 1 | |a Stuttgart |b Poeschel |c 1992 | |
| 300 | |a 249 s. | ||
| 610 | 2 | 0 | |a komunikácia |
| 610 | 2 | 0 | |a podnik |
| 610 | 2 | 0 | |a integrácia ekonomická |
| 610 | 2 | 0 | |a koordinácia |
| 610 | 2 | 0 | |a vzťahy medzipodnikové |
| 610 | 2 | 0 | |a nástroje ekonomické |
| 610 | 2 | 0 | |a analýza ekonomická |
| 610 | 2 | 0 | |a plánovanie podnikové |
| 610 | 2 | 0 | |a stratégia podniková |
| 610 | 2 | 0 | |a modely ekonomické |
| 610 | 2 | 0 | |a pracovníci riadiaci |
| 610 | 2 | 0 | |a prognózy hospodárske |
| 610 | 2 | 0 | |a spolupráca podnikov |
| 100 | 1 | |a Bruhn, Manfred | |